Les catégories grammaticales du verbe francais

Đã lưu trong:
Bibliografiske detaljer
Hovedforfatter: N M Vasilieva
Format: Bog
Sprog:Undetermined
Udgivet: Moscou Vysaja Skola 1979
Fag:
Tags: Tilføj Tag
Ingen Tags, Vær først til at tagge denne postø!
Thư viện lưu trữ: Trung tâm Học liệu Trường Đại học Cần Thơ
LEADER 00492nam a2200181Ia 4500
001 CTU_523
008 210402s9999 xx 000 0 und d
082 |a 445.07 
082 |b V339 
100 |a N M Vasilieva 
245 0 |a Les catégories grammaticales du verbe francais 
245 0 |c N M Vasilieva 
260 |a Moscou 
260 |b Vysaja Skola 
260 |c 1979 
650 |a french language - verb 
904 |i Minh, 960724 
980 |a Trung tâm Học liệu Trường Đại học Cần Thơ